|
|
|
|
| LEADER |
00682nam a22001817a 4500 |
| 020 |
|
|
|a 978-81-89912-21-5
|
| 082 |
|
|
|a 894.811301
|b CHA/P
|
| 100 |
|
|
|a Chandira
|a சந்திரா
|
| 240 |
|
|
|a Poonaikal Illatha Veedu
|
| 245 |
|
|
|a பூனைகள் இல்லாத வீடு
|
| 260 |
|
|
|a Chennai
|b Uyirmai Pathippakam
|c 2007
|
| 300 |
|
|
|a 112
|
| 546 |
|
|
|a Tamil
|
| 650 |
|
|
|a Short Story
|
| 942 |
|
|
|c BK
|
| 999 |
|
|
|c 315124
|d 315124
|
| 952 |
|
|
|0 0
|1 0
|4 0
|6 894_811301000000000_CHA_P
|7 0
|9 337026
|a TAM
|b TAM
|d 2020-11-27
|o 894.811301 CHA//P
|p TAM28990
|w 2020-11-27
|y BK
|
| 952 |
|
|
|0 0
|1 0
|4 0
|6 894_811301000000000_CHA_P
|7 0
|9 337028
|a TAM
|b TAM
|d 2020-11-27
|o 894.811301 CHA/P
|p TAM28991
|w 2020-11-27
|y BK
|